[Event "I Open Distrito de Chamartin 2012"]
[Site "Madrid ESP"]
[Date "2012.09.12"]
[Round "5.8"]
[White "Sanchez Gonzalez, Sergio"]
[Black "Nunez Miranda, Adrian"]
[Result "1-0"]
[WhiteElo "2273"]
[BlackElo "1971"]
[PlyCount "131"]
[EventDate "2012.09.09"]
[EventType "swiss"]
[EventRounds "9"]
[EventCountry "ESP"]
[Source "lmi"]
[SourceDate "2012.09.09"]

1. c4 e5 2. Nc3 d6 3. e3 f5 4. d4 Nf6 5. g3 g6 6. Bg2 c6 7. Nge2 Bg7 8. b4 O-O
9. O-O Be6 10. d5 cxd5 11. Nxd5 Nbd7 12. Nec3 e4 13. Bb2 Rc8 14. Nb5 Bxd5 15.
cxd5 Nb6 16. Nxa7 Rc4 17. a4 Rxb4 18. Bc3 Rc4 19. Qb3 Rxc3 20. Qxc3 Nfd7 21.
Qb4 Bxa1 22. Rxa1 Qf6 23. Rd1 Ra8 24. a5 Rxa7 25. axb6 Ra1 26. Rxa1 Qxa1+ 27.
Bf1 Nc5 28. Kg2 Kf7 29. Bb5 Ke7 30. h4 h5 31. Qd2 Qb1 32. Bc4 Nd3 33. Bxd3 exd3
34. Qc3 Qxb6 35. Qxd3 Qc5 36. e4 Kf6 37. exf5 gxf5 38. Qd2 b5 39. Qg5+ Ke5 40.
Qxh5 Qxd5+ 41. Kh2 Qd4 42. Qe8+ Kd5 43. Qxb5+ Ke6 44. Qe8+ Kd5 45. Qf7+ Ke4 46.
Qe6+ Kf3 47. Qxf5+ Ke2 48. Kg2 Qc4 49. Qf3+ Ke1 50. Qe3+ Kd1 51. h5 d5 52. h6
Qc2 53. Qf3+ Ke1 54. Qe3+ Kd1 55. Qd4+ Ke1 56. Qe5+ Kd1 57. Qxd5+ Ke1 58. Qe6+
Kd1 59. Qd7+ Ke1 60. Qe7+ Kd1 61. h7 Qc3 62. Qd8+ Ke2 63. Qe8+ Kd1 64. h8=Q Qb4
65. Qa1+ Kd2 66. Qee1+ 1-0

[Event "I Open Distrito de Chamartin 2012"]
[Site "Madrid ESP"]
[Date "2012.09.12"]
[Round "5.9"]
[White "Abul, Qasem"]
[Black "Garcia Diaz, Victor Manuel"]
[Result "1-0"]
[WhiteElo "2030"]
[BlackElo "2189"]
[PlyCount "79"]
[EventDate "2012.09.09"]
[EventType "swiss"]
[EventRounds "9"]
[EventCountry "ESP"]
[Source "lmi"]
[SourceDate "2012.09.09"]

1. e4 d5 2. exd5 Nf6 3. c4 c6 4. d4 cxd5 5. Nc3 Nc6 6. Bg5 e6 7. Nf3 Be7 8. c5
O-O 9. Bb5 Qc7 10. O-O b6 11. Bxc6 Qxc6 12. Ne5 Qe8 13. b4 a5 14. a3 bxc5 15.
bxc5 Ba6 16. Re1 h6 17. Bf4 Ne4 18. Nxe4 dxe4 19. Rxe4 f5 20. Re1 Bb7 21. Nc4
Qg6 22. f3 Rfd8 23. Bd6 Bh4 24. Re3 Bg5 25. Re2 Bf6 26. Kh1 Re8 27. Be5 Be7 28.
Rb1 Ba6 29. Qa4 Bf6 30. Rb6 Bxe5 31. Nxe5 Qg5 32. Re1 Qd2 33. Rd1 Qe2 34. Rc1
Qd2 35. Rcb1 Red8 36. Qc6 Qxd4 37. Qxe6+ Kh7 38. Qxf5+ Kg8 39. Qf7+ Kh7 40.
Rxh6+ 1-0

[Event "I Open Distrito de Chamartin 2012"]
[Site "Madrid ESP"]
[Date "2012.09.12"]
[Round "5.10"]
[White "De La Colina Fernandez, Gerardo"]
[Black "Almagro Llamas, Pablo"]
[Result "0-1"]
[WhiteElo "2016"]
[BlackElo "2455"]
[PlyCount "54"]
[EventDate "2012.09.09"]
[EventType "swiss"]
[EventRounds "9"]
[EventCountry "ESP"]
[Source "lmi"]
[SourceDate "2012.09.09"]

1. d4 Nf6 2. c4 e6 3. Nf3 c5 4. Nc3 cxd4 5. Nxd4 Nc6 6. e4 Bb4 7. f3 O-O 8. Be3
d5 9. Qb3 Qa5 10. O-O-O dxe4 11. Nxe4 Nxe4 12. fxe4 Ne5 13. Nc2 Bc5 14. Bd2 Qc7
15. Qg3 f6 16. Bc3 b5 17. cxb5 a6 18. bxa6 Bxa6 19. a3 Bb7 20. Bb5 Qb6 21. Bd3
Bd6 22. Qh3 Rfe8 23. Rhe1 Ra4 24. Qh5 Rc8 25. Qe2 Rxa3 26. bxa3 Rxc3 27. Qe3
Bc5 0-1

[Event "I Open Distrito de Chamartin 2012"]
[Site "Madrid ESP"]
[Date "2012.09.12"]
[Round "5.12"]
[White "Fernandez Lledo, Javier"]
[Black "Cucarella Montell, Angels"]
[Result "1-0"]
[WhiteElo "2202"]
[BlackElo "1967"]
[PlyCount "93"]
[EventDate "2012.09.09"]
[EventType "swiss"]
[EventRounds "9"]
[EventCountry "ESP"]
[Source "lmi"]
[SourceDate "2012.09.09"]

1. Nf3 c5 2. e4 d6 3. b3 e5 4. Bc4 h6 5. Nc3 Ne7 6. O-O g6 7. Nd5 Bg7 8. c3
Nbc6 9. b4 O-O 10. Rb1 b6 11. d3 Be6 12. Qb3 Bg4 13. Nd2 cxb4 14. Nxb4 Na5 15.
Qc2 Nxc4 16. Nxc4 Be6 17. Ne3 d5 18. Ba3 Re8 19. c4 dxe4 20. dxe4 Qc8 21. Ned5
Nc6 22. Nxc6 Qxc6 23. Ne7+ Rxe7 24. Bxe7 Qxc4 25. Rb2 Rc8 26. Qxc4 Rxc4 27. f3
f5 28. Re1 Rd4 29. a3 Bc4 30. Bb4 fxe4 31. fxe4 Rd3 32. Rd2 a5 33. Rxd3 Bxd3
34. Bc3 Bf8 35. Bxe5 Bxa3 36. Bd4 Bc5 37. Bxc5 bxc5 38. Kf2 Kf7 39. Ke3 c4 40.
Ra1 Kf6 41. Rxa5 Bf1 42. g3 Bh3 43. Kd4 Be6 44. Ra6 Kf7 45. Ke5 Bd7 46. Ra7 Ke7
47. Kd4 1-0

[Event "I Open Distrito de Chamartin 2012"]
[Site "Madrid ESP"]
[Date "2012.09.12"]
[Round "5.13"]
[White "Acuna Celada, Ivan"]
[Black "Marcos Herrero, Francisco"]
[Result "1-0"]
[WhiteElo "2152"]
[BlackElo "1937"]
[PlyCount "57"]
[EventDate "2012.09.09"]
[EventType "swiss"]
[EventRounds "9"]
[EventCountry "ESP"]
[Source "lmi"]
[SourceDate "2012.09.09"]

1. e4 c5 2. Nf3 d6 3. d4 Nf6 4. Nc3 cxd4 5. Nxd4 g6 6. Be3 Bg7 7. f3 Nc6 8. Qd2
Bd7 9. Bc4 O-O 10. O-O-O Rc8 11. Bb3 Ne5 12. h4 h5 13. Bg5 Rc5 14. Kb1 b5 15.
g4 hxg4 16. h5 Nxh5 17. Rxh5 gxh5 18. Nd5 Re8 19. Qh2 Rxd5 20. Bxd5 Qb6 21. f4
e6 22. f5 exf5 23. exf5 Qxd4 24. Rxd4 Nf3 25. Bxf3 Bxd4 26. Bd1 Bxf5 27. Qxh5
g3 28. Bf4 Re1 29. Bxg3 1-0

[Event "I Open Distrito de Chamartin 2012"]
[Site "Madrid ESP"]
[Date "2012.09.12"]
[Round "5.14"]
[White "Nieto De La Cruz, Julio"]
[Black "Largo Barbero, Benito"]
[Result "1-0"]
[WhiteElo "2139"]
[BlackElo "1885"]
[PlyCount "65"]
[EventDate "2012.09.09"]
[EventType "swiss"]
[EventRounds "9"]
[EventCountry "ESP"]
[Source "lmi"]
[SourceDate "2012.09.09"]

1. d4 Nf6 2. c4 Nc6 3. Bg5 e6 4. Nc3 h6 5. Bh4 Be7 6. Nf3 d5 7. e3 a6 8. Rc1
Bd7 9. Bxf6 Bxf6 10. cxd5 Ne7 11. dxe6 Bxe6 12. Ne4 Nd5 13. Nxf6+ Nxf6 14. Bc4
Bxc4 15. Rxc4 Rc8 16. O-O O-O 17. Qb3 Ne4 18. Rfc1 Nd6 19. Rc5 Kh8 20. Ne5 Kh7
21. Qc2+ f5 22. Rxc7 Qg5 23. Rxc8 Rxc8 24. Qb1 Rxc1+ 25. Qxc1 Qd8 26. f3 b5 27.
Qc3 h5 28. Qc5 h4 29. Nc6 Qe8 30. Kf2 Qe6 31. d5 Qf6 32. Qd4 Qg6 33. Qxh4+ 1-0

[Event "I Open Distrito de Chamartin 2012"]
[Site "Madrid ESP"]
[Date "2012.09.12"]
[Round "5.16"]
[White "Sotres Menendez, Raul"]
[Black "Spitzer Isbert, Ramon"]
[Result "0-1"]
[WhiteElo "1599"]
[BlackElo "2078"]
[PlyCount "52"]
[EventDate "2012.09.09"]
[EventType "swiss"]
[EventRounds "9"]
[EventCountry "ESP"]
[Source "lmi"]
[SourceDate "2012.09.09"]

1. d4 Nf6 2. c4 g6 3. Nf3 Bg7 4. Nc3 O-O 5. e4 d6 6. Bg5 h6 7. Bh4 Nbd7 8. Qd2
c6 9. Bd3 Ne8 10. O-O Nc7 11. Rfe1 Qe8 12. e5 dxe5 13. Nxe5 Nxe5 14. dxe5 Be6
15. Qc2 Rd8 16. Rad1 Rd4 17. Bg3 Bxc4 18. b3 Bxd3 19. Rxd3 Rxd3 20. Qxd3 Ne6
21. f4 Qd8 22. Qc4 Qd2 23. Rd1 Qe3+ 24. Bf2 Qxf4 25. Qxf4 Nxf4 26. Bg3 Bxe5 0-1

[Event "I Open Distrito de Chamartin 2012"]
[Site "Madrid ESP"]
[Date "2012.09.12"]
[Round "5.17"]
[White "Martin Martin, Luis Vicente"]
[Black "Garcia Salamero, Hector"]
[Result "1/2-1/2"]
[WhiteElo "2069"]
[BlackElo "1868"]
[PlyCount "76"]
[EventDate "2012.09.09"]
[EventType "swiss"]
[EventRounds "9"]
[EventCountry "ESP"]
[Source "lmi"]
[SourceDate "2012.09.09"]

1. d4 Nf6 2. Bf4 g6 3. Nf3 Bg7 4. e3 d6 5. h3 O-O 6. Be2 Nc6 7. O-O Nd7 8. Nc3
e5 9. Bg3 Nb6 10. a4 a5 11. dxe5 Nxe5 12. Nxe5 dxe5 13. Qxd8 Rxd8 14. Nb5 Bf5
15. Rfc1 c6 16. Nc3 Nd5 17. Nxd5 Rxd5 18. Bc4 Rd2 19. Bb3 Rad8 20. Kf1 R8d7 21.
Rab1 b6 22. f3 c5 23. Be1 R2d6 24. Bc4 Bh6 25. Ke2 Kf8 26. g4 Be6 27. Bxe6 Rxe6
28. Rd1 Red6 29. e4 Ke7 30. Rxd6 Rxd6 31. Rd1 Rxd1 32. Kxd1 Bf4 33. Ke2 Kd6 34.
Kd3 Kc6 35. Kc4 Bc1 36. b3 Bf4 37. Bh4 Bh2 38. Bf6 Bf4 1/2-1/2

[Event "I Open Distrito de Chamartin 2012"]
[Site "Madrid ESP"]
[Date "2012.09.12"]
[Round "5.18"]
[White "Rodriguez Perez, David"]
[Black "Cerrato Torrijos, Javier"]
[Result "1-0"]
[WhiteElo "2019"]
[BlackElo "1718"]
[PlyCount "57"]
[EventDate "2012.09.09"]
[EventType "swiss"]
[EventRounds "9"]
[EventCountry "ESP"]
[Source "lmi"]
[SourceDate "2012.09.09"]

1. d4 e6 2. g3 Nf6 3. Bg2 c5 4. Nf3 Nc6 5. e3 b6 6. O-O Bb7 7. c4 d5 8. cxd5
Nxd5 9. Nc3 Nxc3 10. bxc3 Be7 11. Ne5 Qc7 12. Qa4 Rc8 13. Rb1 a5 14. Qb5 Bd8
15. Nc4 O-O 16. Qxb6 Qxb6 17. Nxb6 Rc7 18. Ba3 Be7 19. Na4 Ba6 20. Rfc1 c4 21.
Bxe7 Nxe7 22. Nc5 Bc8 23. Bf1 e5 24. Bxc4 exd4 25. cxd4 Nc6 26. Rb6 Bf5 27. Bd3
Bg6 28. Bxg6 hxg6 29. Na6 1-0

[Event "I Open Distrito de Chamartin 2012"]
[Site "Madrid ESP"]
[Date "2012.09.12"]
[Round "5.19"]
[White "Zhynguel Ramirez De Verger, Aleksei"]
[Black "Garcia Saez, Juan Carlos"]
[Result "1-0"]
[WhiteElo "1704"]
[BlackElo "2004"]
[PlyCount "75"]
[EventDate "2012.09.09"]
[EventType "swiss"]
[EventRounds "9"]
[EventCountry "ESP"]
[Source "lmi"]
[SourceDate "2012.09.09"]

1. d4 Nf6 2. Bf4 e6 3. e3 b6 4. Nf3 Bb7 5. Nbd2 Be7 6. h3 O-O 7. Bd3 d5 8. Ne5
Nbd7 9. Qf3 c5 10. c3 a5 11. g4 Nxe5 12. dxe5 Ne8 13. h4 Ba6 14. Bc2 f6 15.
exf6 Rxf6 16. g5 Rf8 17. Qh5 g6 18. Bxg6 hxg6 19. Qxg6+ Ng7 20. Be5 Rf7 21. h5
Bd3 22. Qxd3 Rf5 23. h6 c4 24. Qc2 Bf8 25. hxg7 Bxg7 26. Bxg7 Kxg7 27. O-O-O
Qg8 28. Rdg1 Ra7 29. f4 Kf8 30. Nf3 Rh7 31. Nd4 Rff7 32. Nxe6+ Ke7 33. f5 Rxh1
34. Rxh1 Kd6 35. Qh2+ Kc6 36. Qe5 Rh7 37. Rxh7 Qxh7 38. Qc7+ 1-0

[Event "I Open Distrito de Chamartin 2012"]
[Site "Madrid ESP"]
[Date "2012.09.12"]
[Round "5.20"]
[White "Ginesta Caballero, Olga Lucia"]
[Black "De La Orden Alcocer, Alejandro"]
[Result "1-0"]
[WhiteElo "2099"]
[BlackElo "1857"]
[PlyCount "34"]
[EventDate "2012.09.09"]
[EventType "swiss"]
[EventRounds "9"]
[EventCountry "ESP"]
[Source "lmi"]
[SourceDate "2012.09.09"]

1. e4 Nf6 2. e5 Nd5 3. d4 d6 4. c4 Nb6 5. exd6 exd6 6. Nc3 Nc6 7. Be3 Be7 8.
Bd3 O-O 9. a3 Bf6 10. Nge2 Re8 11. O-O Bg4 12. Qc2 g6 13. h3 Bd7 14. Rad1 Qe7
15. c5 dxc5 16. dxc5 Bxc3 17. Nxc3 Nc8 1-0

[Event "I Open Distrito de Chamartin 2012"]
[Site "Madrid ESP"]
[Date "2012.09.12"]
[Round "5.21"]
[White "De Dompablo Fantova, Juan"]
[Black "Tipter, Napoleon"]
[Result "1/2-1/2"]
[WhiteElo "1656"]
[BlackElo "2002"]
[PlyCount "54"]
[EventDate "2012.09.09"]
[EventType "swiss"]
[EventRounds "9"]
[EventCountry "ESP"]
[Source "lmi"]
[SourceDate "2012.09.09"]

1. e4 Nf6 2. e5 Nd5 3. d4 d6 4. c4 Nb6 5. exd6 exd6 6. Be2 Be7 7. Nf3 O-O 8.
O-O Be6 9. b3 Bf6 10. Bb2 N8d7 11. Nbd2 Bf5 12. Re1 c5 13. Nf1 Re8 14. Ng3 Bg6
15. Qd2 Nf8 16. Bd3 Bxd3 17. Qxd3 Ne6 18. Nh5 Nd7 19. Nxf6+ Qxf6 20. Qd2 Qg6
21. d5 Nef8 22. Rxe8 Rxe8 23. Re1 Rxe1+ 24. Qxe1 Qc2 25. Qc1 Qe2 26. Qd2 Qe4
27. h3 Ng6 1/2-1/2

[Event "I Open Distrito de Chamartin 2012"]
[Site "Madrid ESP"]
[Date "2012.09.12"]
[Round "5.22"]
[White "Rodriguez Gomez, Vicente"]
[Black "Monge Gilgado, Eva Maria"]
[Result "1-0"]
[WhiteElo "1992"]
[BlackElo "1856"]
[PlyCount "119"]
[EventDate "2012.09.09"]
[EventType "swiss"]
[EventRounds "9"]
[EventCountry "ESP"]
[Source "lmi"]
[SourceDate "2012.09.09"]

1. e4 c5 2. c3 e6 3. d4 d5 4. exd5 exd5 5. Nf3 Nf6 6. Bb5+ Bd7 7. Qe2+ Qe7 8.
Bxd7+ Nbxd7 9. Be3 Ng4 10. Bf4 Qxe2+ 11. Kxe2 Be7 12. h3 Ngf6 13. Nbd2 Ne4 14.
Rad1 Nxd2 15. Rxd2 c4 16. Kd1 f6 17. Re2 Kf7 18. h4 h5 19. Nd2 b5 20. Nf1 Nb6
21. Ne3 Rac8 22. Nf5 Bf8 23. Bd6 Rd8 24. Bxf8 Kxf8 25. Rhe1 Rh7 26. Re7 Nc8 27.
Rc7 a6 28. Ne7 Nd6 29. Nxd5 Ne8 30. Rce7 Rxd5 31. Rxe8+ Kf7 32. R1e7+ Kg6 33.
Ra8 Rd6 34. Raa7 Kf5 35. Rxg7 Rxg7 36. Rxg7 Re6 37. Kd2 Re4 38. g3 Re6 39. f3
Re8 40. b3 Rc8 41. Rh7 Kg6 42. Rd7 Kf5 43. Rd5+ Kg6 44. Rc5 cxb3 45. axb3 Rd8
46. Kd3 Re8 47. Rc6 Re1 48. Rxa6 Rg1 49. Ra8 Kg7 50. Rb8 Rxg3 51. Ke4 Rh3 52.
Rxb5 Rxh4+ 53. Kf5 Rh3 54. Rb7+ Kf8 55. f4 Rxc3 56. Kxf6 Ke8 57. Kg5 Rd3 58.
Kxh5 Rxd4 59. Kg5 Rd1 60. b4 1-0

[Event "I Open Distrito de Chamartin 2012"]
[Site "Madrid ESP"]
[Date "2012.09.12"]
[Round "5.23"]
[White "Lopez Moll, Jose Manuel"]
[Black "Narro Jimenez, Jose Reyes"]
[Result "0-1"]
[WhiteElo "1991"]
[BlackElo "1835"]
[PlyCount "92"]
[EventDate "2012.09.09"]
[EventType "swiss"]
[EventRounds "9"]
[EventCountry "ESP"]
[Source "lmi"]
[SourceDate "2012.09.09"]

1. e4 c5 2. Nf3 d6 3. d4 cxd4 4. Nxd4 Nc6 5. Be3 Nf6 6. Nc3 e5 7. Nb3 Be7 8. f3
a6 9. Qd2 Be6 10. O-O-O Bxb3 11. cxb3 Rc8 12. Kb1 b5 13. g4 h6 14. h4 Qa5 15.
Bh3 Rd8 16. Qf2 Rb8 17. g5 hxg5 18. hxg5 Nh5 19. Bg4 g6 20. Nd5 Nb4 21. Nc3 Nc6
22. a3 b4 23. Nd5 bxa3 24. Bb6 Rxb6 25. Qxb6 Qxb6 26. Nxb6 axb2 27. Kxb2 Nd4
28. f4 Ne6 29. Nc4 Nexf4 30. Nxd6+ Kf8 31. Nc4 Bxg5 32. Rd6 Kg7 33. Rxa6 Rb8
34. Rg1 Nd3+ 35. Ka1 Nhf4 36. Bd1 Be7 37. Rc6 Bc5 38. Rxc5 Nxc5 39. Rg3 f6 40.
Bc2 Ne2 41. Re3 Nd4 42. Kb2 g5 43. Nd6 Kg6 44. Rh3 Nde6 45. Nf5 Rd8 46. Rh6+
Kf7 0-1

[Event "I Open Distrito de Chamartin 2012"]
[Site "Madrid ESP"]
[Date "2012.09.12"]
[Round "5.24"]
[White "Gonzalez Pabollet, Jesus Maria"]
[Black "Useche Ramirez, Maryorit K"]
[Result "1-0"]
[WhiteElo "1978"]
[BlackElo "1788"]
[PlyCount "115"]
[EventDate "2012.09.09"]
[EventType "swiss"]
[EventRounds "9"]
[EventCountry "ESP"]
[Source "lmi"]
[SourceDate "2012.09.09"]

1. e4 e5 2. Nf3 Nc6 3. Bb5 a6 4. Ba4 b5 5. Bb3 Bc5 6. O-O Nf6 7. c3 O-O 8. d4
exd4 9. cxd4 Be7 10. e5 Ne4 11. d5 Na5 12. Bc2 Ng5 13. Nxg5 Bxg5 14. Qh5 h6 15.
f4 Be7 16. Qf5 g6 17. Qh3 Bc5+ 18. Kh1 h5 19. f5 d6 20. Qg3 h4 21. Qe1 Nc4 22.
e6 fxe6 23. dxe6 Ne5 24. Bh6 Re8 25. Bb3 Qf6 26. Nc3 Bb7 27. e7+ Kh7 28. Ne4
Bxe4 29. Qxe4 gxf5 30. Rxf5 Qg6 31. Bf7 Nxf7 32. Rxf7+ Kxh6 33. Qxh4+ Qh5 34.
Rf6+ Kg7 35. Qxh5 Kxf6 36. Qh4+ Ke6 37. Re1+ Kd7 38. Qh3+ Kc6 39. Qf3+ Kd7 40.
g4 c6 41. Qf5+ Kc7 42. g5 d5 43. Qf6 Kd7 44. Qe6+ Kc7 45. Qf7 d4 46. Qf4+ Kb6
47. b4 Bxb4 48. Qxd4+ c5 49. Qd6+ Ka5 50. Qc7+ Ka4 51. Re3 c4 52. g6 Rac8 53.
Qb7 a5 54. Qd7 c3 55. Qd5 Rc4 56. Qd3 Ka3 57. Re2 Rxe7 58. Qc2 1-0

[Event "I Open Distrito de Chamartin 2012"]
[Site "Madrid ESP"]
[Date "2012.09.12"]
[Round "5.25"]
[White "Rodriguez Dorado, Victor"]
[Black "Moreno Zamora, Gregorio"]
[Result "1/2-1/2"]
[WhiteElo "1958"]
[BlackElo "1724"]
[PlyCount "100"]
[EventDate "2012.09.09"]
[EventType "swiss"]
[EventRounds "9"]
[EventCountry "ESP"]
[Source "lmi"]
[SourceDate "2012.09.09"]

1. c4 e6 2. Nf3 Nf6 3. Nc3 d5 4. e3 c6 5. Be2 Nbd7 6. O-O Bd6 7. d4 O-O 8. a3
dxc4 9. Bxc4 b5 10. Bd3 a6 11. Bd2 c5 12. Ne4 Be7 13. dxc5 Nxc5 14. Nxc5 Bxc5
15. Bc3 Bb7 16. Qc2 Rc8 17. Rad1 Qe7 18. Ng5 h6 19. Nh3 b4 20. axb4 Bxb4 21.
Bxf6 Qxf6 22. Qb3 a5 23. Nf4 Qg5 24. f3 e5 25. h4 Qg3 26. Nd5 Bxd5 27. Qxd5
Qxh4 28. Qxe5 Rc5 29. Qd4 Qg3 30. Qe4 g6 31. f4 Qg4 32. Rc1 Qe6 33. Qxe6 fxe6
34. Kf2 Kf7 35. Rxc5 Bxc5 36. Rc1 Rc8 37. Kf3 Rc7 38. b3 Bb6 39. Bc4 Rd7 40.
Rh1 h5 41. g4 hxg4+ 42. Kxg4 Kf6 43. e4 e5 44. Rh8 exf4 45. Rf8+ Kg7 46. Rg8+
Kf6 47. Kxf4 Bc7+ 48. Ke3 Bb6+ 49. Kf3 Bc7 50. Bd5 Rd8 1/2-1/2

[Event "I Open Distrito de Chamartin 2012"]
[Site "Madrid ESP"]
[Date "2012.09.12"]
[Round "5.26"]
[White "Noval Toldos, Francisco Javier"]
[Black "Martin Garcia, Francisco Javier"]
[Result "1-0"]
[WhiteElo "1956"]
[BlackElo "1609"]
[PlyCount "87"]
[EventDate "2012.09.09"]
[EventType "swiss"]
[EventRounds "9"]
[EventCountry "ESP"]
[Source "lmi"]
[SourceDate "2012.09.09"]

1. e4 c5 2. Nf3 d6 3. d4 cxd4 4. Nxd4 Nf6 5. Nc3 a6 6. Be3 e5 7. Nb3 Be6 8. f3
h5 9. Qd2 Nbd7 10. O-O-O Rc8 11. Qf2 b5 12. Kb1 Be7 13. Qg3 g6 14. h4 Qc7 15.
Qf2 Bc4 16. Bd3 d5 17. Nxd5 Bxd5 18. exd5 e4 19. Bxe4 Nxe4 20. fxe4 Bd6 21.
Rhf1 Ne5 22. Qf6 Rf8 23. Rc1 Ng4 24. Qd4 Be5 25. Qd2 a5 26. Bf4 a4 27. Nd4 Qc4
28. Nc6 Rxc6 29. dxc6 Qxc6 30. Rcd1 Ke7 31. Qb4+ Ke8 32. Rd8+ Kxd8 33. Qxf8+
Kc7 34. Qxf7+ Kb6 35. Bxe5 Nxe5 36. Qf6 Qxf6 37. Rxf6+ Kc5 38. c3 b4 39. cxb4+
Kxb4 40. Re6 Nc4 41. Rxg6 Nd2+ 42. Kc2 Nxe4 43. Rg5 Nf6 44. Rf5 1-0

[Event "I Open Distrito de Chamartin 2012"]
[Site "Madrid ESP"]
[Date "2012.09.12"]
[Round "5.28"]
[White "Alvarez Abejon, Amilcar"]
[Black "Sorribes Calle, Pablo"]
[Result "1-0"]
[WhiteElo "2105"]
[BlackElo "1677"]
[PlyCount "45"]
[EventDate "2012.09.09"]
[EventType "swiss"]
[EventRounds "9"]
[EventCountry "ESP"]
[Source "lmi"]
[SourceDate "2012.09.09"]

1. e4 c5 2. Nf3 a6 3. Nc3 d6 4. d4 cxd4 5. Nxd4 e6 6. Be2 Be7 7. O-O Nf6 8. Be3
O-O 9. f4 Nbd7 10. g4 e5 11. Nf5 Nc5 12. fxe5 Nfxe4 13. Nxe7+ Qxe7 14. exd6 Qd7
15. Bxc5 Nxc5 16. Nd5 Qe6 17. Bf3 Rb8 18. Ne7+ Kh8 19. Qd4 b6 20. Rae1 Qxa2 21.
Bd5 Qa4 22. Qxa4 Nxa4 23. Nc6 1-0

[Event "I Open Distrito de Chamartin 2012"]
[Site "Madrid ESP"]
[Date "2012.09.12"]
[Round "5.29"]
[White "Lopez Heras, Arturo"]
[Black "Orantes Sanz, Ricardo"]
[Result "1-0"]
[WhiteElo "1976"]
[BlackElo "1604"]
[PlyCount "47"]
[EventDate "2012.09.09"]
[EventType "swiss"]
[EventRounds "9"]
[EventCountry "ESP"]
[Source "lmi"]
[SourceDate "2012.09.09"]

1. e4 Nf6 2. e5 Nd5 3. Nc3 c6 4. Nxd5 cxd5 5. d4 d6 6. Nf3 Bg4 7. exd6 Qxd6 8.
Be2 Nc6 9. O-O h6 10. a4 e6 11. b4 Bxf3 12. Bxf3 Qxb4 13. Be3 Qc3 14. Rb1 b6
15. Rb3 Qa5 16. c4 Bd6 17. cxd5 Nb4 18. dxe6 Rd8 19. exf7+ Kxf7 20. Bh5+ g6 21.
Qf3+ Kg7 22. Qb7+ Kf6 23. Bd2 Qxh5 24. Rf3+ 1-0

[Event "I Open Distrito de Chamartin 2012"]
[Site "Madrid ESP"]
[Date "2012.09.12"]
[Round "5.30"]
[White "Garcia Otero, Pedro"]
[Black "Camarero Izquierdo, Juan C"]
[Result "0-1"]
[WhiteElo "1733"]
[BlackElo "1899"]
[PlyCount "46"]
[EventDate "2012.09.09"]
[EventType "swiss"]
[EventRounds "9"]
[EventCountry "ESP"]
[Source "lmi"]
[SourceDate "2012.09.09"]

1. d4 f5 2. c4 e6 3. Nc3 Bb4 4. Nf3 Nf6 5. Qb3 a5 6. a3 Bxc3+ 7. Qxc3 O-O 8.
Bf4 d6 9. h3 Ne4 10. Qc2 Nd7 11. e3 b6 12. Be2 Bb7 13. O-O Qf6 14. b4 g5 15.
Bg3 h5 16. c5 bxc5 17. bxc5 Bd5 18. cxd6 cxd6 19. Qa4 Rf7 20. Bb5 Nb6 21. Qc2
Rc8 22. Qb2 Rc3 23. Bxd6 Rb3 0-1

[Event "I Open Distrito de Chamartin 2012"]
[Site "Madrid ESP"]
[Date "2012.09.12"]
[Round "5.31"]
[White "Moreno Sanchez, Guillermo"]
[Black "Aguado Rodriguez, Guillermo"]
[Result "1-0"]
[WhiteElo "1635"]
[BlackElo "1881"]
[PlyCount "115"]
[EventDate "2012.09.09"]
[EventType "swiss"]
[EventRounds "9"]
[EventCountry "ESP"]
[Source "lmi"]
[SourceDate "2012.09.09"]

1. d4 Nf6 2. c4 c5 3. d5 b5 4. cxb5 a6 5. Nf3 axb5 6. e3 Qb6 7. Qb3 b4 8. Bc4
d6 9. O-O g6 10. Re1 Bg7 11. e4 Ng4 12. h3 Ne5 13. Nxe5 Bxe5 14. Bh6 Bd7 15.
Nd2 Ba4 16. Qd3 Bxb2 17. Rab1 Bf6 18. f4 e5 19. dxe6 fxe6 20. Kh1 Nd7 21. Bxe6
Bb5 22. Qd5 Qc6 23. Bxd7+ Kxd7 24. Qf7+ Be7 25. Bg5 Rae8 26. f5 h6 27. Bf6 Rhf8
28. Qe6+ Kd8 29. Bxe7+ Rxe7 30. Qxg6 Bd3 31. Rb3 Bc2 32. Rg3 Ref7 33. Qe6 Rf6
34. Qc4 Ba4 35. Rg8 Qe8 36. Rxf8 Rxf8 37. Qd5 Kc7 38. Nc4 Qe7 39. Na5 Kb6 40.
Nc4+ Kc7 41. Na5 Kb6 42. Nc4+ Kc7 43. g4 Bc6 44. Qd3 d5 45. Qg3+ Kc8 46. exd5
Bxd5+ 47. Kh2 Qc7 48. Rc1 Qxg3+ 49. Kxg3 Kc7 50. Kf4 Kc6 51. Ke5 Re8+ 52. Kf6
Re4 53. Na5+ Kb5 54. Nb3 Bxb3 55. axb3 Re3 56. Rb1 Kc6 57. Kg7 Kd7 58. f6 1-0

[Event "I Open Distrito de Chamartin 2012"]
[Site "Madrid ESP"]
[Date "2012.09.12"]
[Round "5.32"]
[White "Lopez Garralon, Jorge"]
[Black "Lozano Sanchez, Jose Antonio"]
[Result "0-1"]
[WhiteElo "1264"]
[BlackElo "1873"]
[PlyCount "47"]
[EventDate "2012.09.09"]
[EventType "swiss"]
[EventRounds "9"]
[EventCountry "ESP"]
[Source "lmi"]
[SourceDate "2012.09.09"]

1. e4 e5 2. d3 Bc5 3. Nf3 d6 4. Nbd2 f5 5. exf5 Bxf5 6. Be2 Nf6 7. c3 Nc6 8. b4
Bb6 9. a4 a5 10. b5 Ne7 11. Qb3 Ng6 12. h3 Nf4 13. g4 Bxd3 14. Ng5 Qe7 15. Bf3
e4 16. Ndxe4 Nxe4 17. Bxf4 Nc5+ 18. Kd1 Nxb3 19. Re1 Qxe1+ 20. Kxe1 Nxa1 21.
Bxb7 O-O 22. Bd5+ Kh8 23. Nf7+ Rxf7 24. Bxf7 0-1

[Event "I Open Distrito de Chamartin 2012"]
[Site "Madrid ESP"]
[Date "2012.09.12"]
[Round "5.35"]
[White "Algaba Traspuesto, Jose Antonio"]
[Black "Hall, Rachid"]
[Result "0-1"]
[WhiteElo "1646"]
[BlackElo "2013"]
[PlyCount "76"]
[EventDate "2012.09.09"]
[EventType "swiss"]
[EventRounds "9"]
[EventCountry "ESP"]
[Source "lmi"]
[SourceDate "2012.09.09"]

1. d4 Nf6 2. Nf3 g6 3. Nc3 Bg7 4. e4 d6 5. h3 Nbd7 6. Bc4 O-O 7. a4 c5 8. Be3
cxd4 9. Nxd4 Nc5 10. f3 a6 11. a5 Bd7 12. Qd2 Rc8 13. Be2 Qc7 14. b4 Ne6 15.
Nxe6 Bxe6 16. Bd4 Bc4 17. Rc1 h5 18. O-O Kh7 19. Kh1 Bh6 20. f4 e5 21. Be3 Bxe2
22. Nxe2 Nxe4 23. Qe1 f5 24. g4 Qc6 25. Kh2 exf4 26. Nxf4 fxg4 27. hxg4 Ng5 28.
Qg3 hxg4 29. Qxg4 Qe4 30. Bd2 Rxc2 31. Rxc2 Qxc2 32. Rf2 Qe4 33. Re2 Nf3+ 34.
Kg3 Bxf4+ 35. Bxf4 Qxe2 36. Qd7+ Kg8 37. Bxd6 Qh2+ 38. Kg4 Qh4# 0-1